Parc Natural del Montseny. Reserva de la Biosfera : plantes exòtiques invasores : guia d'identificació i substitució en jardineria plantes exòtiques invasores : guia d'identificació i substitució en jardineria
Descripción Física:
23 pàgines : il·lustracions ; 21 cm
Idioma:
Catalán
MARC
| LEADER | 00000nam a22000007a 4500 | ||
|---|---|---|---|
| 001 | 25540 | ||
| 003 | Arxiu | ||
| 005 | 20260324181110.0 | ||
| 008 | 220517b spa||||| |||| 00| 0 cat d | ||
| 017 | |a DL B 26146-207 | ||
| 080 | |a FU-69-28 | ||
| 110 | |a Parc Natural del Montseny (Catalunya) |9 10461 | ||
| 245 | |a Parc Natural del Montseny. Reserva de la Biosfera : |b plantes exòtiques invasores : guia d'identificació i substitució en jardineria | ||
| 260 | |a Barcelona : |b Diputació de Barcelona ; |b Diputació de Girona, |c 2018 | ||
| 300 | |a 23 pàgines : |b il·lustracions ; |c 21 cm | ||
| 546 | |a Díptic en castellà | ||
| 610 | 0 | |a Parc Natural del Montseny (Catalunya) |9 10461 | |
| 610 | 0 | |a Parc Natural del Montseny (Catalunya) |v Guies |9 52680 | |
| 650 | 0 | |z Parc Natural del Montseny (Catalunya) | |
| 710 | 1 | |9 52730 |a Barcelona (Catalunya : Província). |b Gerència de Serveis d’Espais Naturals | |
| 710 | 1 | |a Girona (Catalunya : Província). |b Diputació |9 11479 | |
| 942 | |2 udc |c ARXIU |n 1 | ||
| 952 | |0 0 |1 0 |4 0 |6 FU6928 |7 1 |9 61757 |a Arxiu |b Arxiu |d 2022-05-17 |l 0 |o FU-69-28 |p 25540 |r 2022-05-17 00:00:00 |w 2022-05-17 |y ARXIU | ||
| 999 | |c 81614 |d 81614 | ||